Normal view
MARC view
Entry Personal Name
001 - CONTROL NUMBER
- control field: 10992
003 - CONTROL NUMBER IDENTIFIER
- control field: ARRUPE
005 - DATE AND TIME OF LATEST TRANSACTION
- control field: 20140616113031.0
008 - FIXED-LENGTH DATA ELEMENTS
- fixed length control field: 140616|| aca||aabn | a|a d
040 ## - CATALOGING SOURCE
- Original cataloging agency: ARRUPE
- Transcribing agency: ARRUPE
100 ## - HEADING--PERSONAL NAME
- Personal name: Shand, Mark
670 ## - SOURCE DATA FOUND
- Source citation: Work cat.: (ARRUPE): Shand, Mark, Travels on my elephant, 1992